| 000 | 00749nam a22002177a 4500 | ||
|---|---|---|---|
| 003 | OSt | ||
| 005 | 20250820060852.0 | ||
| 008 | 250820b |||||||| |||| 00| 0 eng d | ||
| 020 | _a978-510-071-6 | ||
| 040 |
_aDWC-Main Lib _cOC |
||
| 082 | _aFil. 291.1772 D326c 1993 | ||
| 100 | _aDe Jillas, Leopoldo J. | ||
| 245 |
_aChristian democracy and social market economy : _ban alternative program of government/ _cLeopoldo J. De Jillas |
||
| 260 |
_aManila, Philippines : _bLogos Publishing, _cc1993. |
||
| 300 |
_aix, 147 pages : _billustrations ; _c23cm. |
||
| 504 | _aIncludes bibliographical references. | ||
| 650 | _a1. Christian democracy . | ||
| 650 | _a2. Economic history. | ||
| 650 | _a3. Philippines. | ||
| 942 |
_2ddc _cBK - FIL _kFil. _n0 |
||
| 999 |
_c4115 _d4115 |
||